000 00569nam a2200181 4500
001 144375
003 ES-MaACL
005 20230906201014.0
007 t|
008 070214s1973 ag r ||||1| spa d
245 0 0 _aSignificante y sutura en el psicoanálisis /
_cJacques Lacan [et. al.] ; traducción de Marco Aurelio Galmarini.
250 _a1ª. ed.
260 _aBuenos Aires :
_bSiglo Ventiuno,
_c1973.
300 _a84 p. ;
_c18 cm.
700 1 _aLacan, Jacques.
_969324
700 1 _aGalmarini, Marco Aurelio.
_953654
852 _aES-MaACL
_jE-8684
_bR.93001
999 _c144375
_d144375